Guess the 1970s song lyrics #184 - Statistics

General Stats
  • This quiz has been taken 15 times
  • The average score is 85 of 157
Answer Stats
Answer % Correct
a
92%
A
92%
I
92%
you
92%
and
85%
be
85%
for
85%
letter
85%
love
85%
me
85%
the
85%
The
85%
to
85%
All
77%
from
77%
hear
77%
If
77%
I'm
77%
In
77%
in
77%
kiss
77%
my
77%
see
77%
See
77%
too
77%
don't
69%
her
69%
is
69%
Is
69%
it
69%
of
69%
so
69%
Strawberry
69%
with
69%
With
69%
baby
62%
will
62%
22
54%
doesn't
54%
Feel
54%
gonna
54%
Hello
54%
mind
54%
Over
54%
cool
46%
free
46%
heard
46%
Or
46%
through
46%
ask
38%
freedom
38%
happy
38%
music
38%
Red
38%
run
38%
sea
38%
sun
38%
Blue
31%
blue
31%
few
31%
flyin
31%
garden
31%
morning
31%
Orange
31%
plays
31%
purple
31%
rain
31%
Rainbows
31%
shine
31%
sit
31%
waterfalls
31%
yellow
31%
arms
23%
bells
23%
candy
23%
cloud
23%
flowers
23%
gaze
23%
green
23%
laugh
23%
loud
23%
magic
23%
near
23%
Playgrounds
23%
playing
23%
present
23%
Pretty
23%
roses
23%
satin
23%
shower
23%
sparkle
23%
speakers
23%
sunshine
23%
tried
23%
velvet
23%
arrive
15%
birds
15%
cherry
15%
cousins
15%
digging
15%
dressed
15%
echo
15%
flight
15%
kites
15%
pink
15%
river
15%
screen
15%
Stained
15%
tea
15%
west
15%
window
15%
No matching quizzes found
Score Distribution
Percent of People with Each Score
Percentile by Number Answered
Your Score History
You have not taken this quiz